Normal view
MARC view
- بني حمدان، راما محمد ابراهيم
Entry Personal Name
001 - CONTROL NUMBER
- control field: 66552
003 - CONTROL NUMBER IDENTIFIER
- control field: JO-AjAnu
005 - DATE AND TIME OF LATEST TRANSACTION
- control field: 20250713125936.0
008 - FIXED-LENGTH DATA ELEMENTS
- fixed length control field: 250713|| aca||aabn | a|a d
040 ## - CATALOGING SOURCE
- Original cataloging agency: JO-AjAnu
100 ## - HEADING--PERSONAL NAME
- Personal name: بني حمدان، راما محمد ابراهيم
- Relator term: معد